[Event "Tournoi francophone 021"]
[Site "Skype"]
[Date "????.??.??"]
[Round "4.1"]
[White "Pouteau, Pascal"]
[Black "Deville, Olivier"]
[Result "0-1"]
[WhiteElo "1616"]
[BlackElo "1863"]
[PlyCount "46"]

1. d4 g6 2. Nf3 Bg7 3. e4 d6 4. Bb5+ c6 5. Bd3 Nd7 6. Nc3 e5 7. d5 Nc5 8. Be2
f5 9. dxc6 bxc6 10. Be3 Nxe4 11. Nxe4 fxe4 12. Ng5 Nf6 13. Qd2 O-O 14. c4 d5
15. cxd5 cxd5 16. Rc1 d4 17. Bc4+ Kh8 18. Nf7+ Rxf7 19. Bxf7 Qe7 20. Bd5 Nxd5
21. Bg5 e3 22. Bxe7 exd2+ 23. Kxd2 Bh6+ 0-1

[Event "Tournoi francophone 021"]
[Site "Skype"]
[Date "????.??.??"]
[Round "4.2"]
[White "Castellanos Gonzalez, Mariano"]
[Black "Nicolini, Francesco"]
[Result "1/2-1/2"]
[WhiteElo "1670"]
[BlackElo "1666"]
[PlyCount "69"]

1. d4 Nf6 2. Nf3 d5 3. e3 Bf5 4. Bd3 e6 5. Nbd2 Bxd3 6. cxd3 c6 7. e4 Be7 8. e5
Ng4 9. h3 Nh6 10. O-O O-O 11. Nh2 Nf5 12. Ndf3 Nd7 13. g4 Nh4 14. Nxh4 Bxh4 15.
Nf3 Be7 16. g5 Re8 17. h4 g6 18. Nh2 Kg7 19. Ng4 c5 20. Nf6 cxd4 21. Nxe8+ Qxe8
22. f4 Qh8 23. h5 h6 24. hxg6 hxg5 25. gxf7 Qh3 26. Qf3 g4 27. Qxh3 gxh3 28.
Kh2 Kxf7 29. Kxh3 Bb4 30. a3 Be7 31. b4 a5 32. Bd2 axb4 33. axb4 Rc8 34. Rfc1
Rxc1 35. Rxc1 1/2-1/2

[Event "Tournoi francophone 021"]
[Site "Skype"]
[Date "????.??.??"]
[Round "4.3"]
[White "Bourdeau, Yvan"]
[Black "Briquet, Gerard"]
[Result "0-1"]
[WhiteElo "1740"]
[BlackElo "1400"]
[PlyCount "112"]

1. d4 d5 2. c4 c6 3. Nf3 Nf6 4. e3 Bf5 5. Nc3 e6 6. Qb3 Qb6 7. c5 Qxb3 8. axb3
Nbd7 9. Nh4 Bg6 10. Nxg6 fxg6 11. Bd3 e5 12. f3 Be7 13. Bd2 O-O 14. O-O a6 15.
Be1 Ne8 16. Bg3 exd4 17. exd4 Bf6 18. Bf2 Nc7 19. Rfe1 Rae8 20. Na2 Ne6 21.
Rad1 Bxd4 22. Bxd4 Nxd4 23. b4 Nb5 24. Kf2 Kf7 25. h4 Rxe1 26. Rxe1 Nf6 27.
Bxb5 axb5 28. Nc1 Ra8 29. Nd3 Nd7 30. g3 Re8 31. Ra1 Ne5 32. Nxe5+ Rxe5 33. Ra7
Re7 34. Ra8 Kf6 35. Rf8+ Ke6 36. Ke3 Kd7+ 37. Kd2 Kc7 38. Rf4 b6 39. Rd4 bxc5
40. bxc5 h6 41. b4 Kd7 42. Rg4 Re6 43. Rd4 Ke7 44. Rd3 Kf6 45. Rd4 g5 46. hxg5+
Kxg5 47. Rg4+ Kf6 48. Rf4+ Ke5 49. Ke3 g5 50. Rf8 Rf6 51. Re8+ Kf5 52. Re7 Re6+
53. Rxe6 Kxe6 54. f4 Kf5 55. fxg5 hxg5 56. Kf3 d4 0-1

[Event "Tournoi francophone 021"]
[Site "Skype"]
[Date "????.??.??"]
[Round "4.5"]
[White "Khabou, Taha"]
[Black "Blanchard, Colette"]
[Result "1-0"]
[WhiteElo "1615"]
[BlackElo "1527"]
[PlyCount "115"]

1. d4 d5 2. Bf4 Nf6 3. e3 c6 4. Nf3 Bf5 5. Bd3 Bxd3 6. Qxd3 e6 7. Nbd2 Nbd7 8.
O-O Be7 9. e4 O-O 10. e5 Nh5 11. Be3 h6 12. g4 Nhf6 13. exf6 Bxf6 14. h3 Re8
15. Bf4 b6 16. Ne5 Rc8 17. Ndf3 c5 18. Nxd7 Qxd7 19. c3 Qe7 20. Be5 cxd4 21.
Bxd4 Bxd4 22. Qxd4 Rc4 23. Qe5 a6 24. Rfd1 Re4 25. Qg3 Qf6 26. Re1 Rf4 27. Re3
d4 28. Nxd4 Qg5 29. Nf3 Qf6 30. Rd1 Kh7 31. Rd4 Rxd4 32. Nxd4 Qe7 33. Rd3 Rd8
34. Nb3 Rf8 35. Qd6 Qxd6 36. Rxd6 Rb8 37. Nd4 a5 38. Nc6 Rb7 39. Ne5 b5 40. Rd7
Rxd7 41. Nxd7 Kg6 42. Nb8 Kg5 43. Nc6 a4 44. Nd4 Kh4 45. Kg2 g6 46. Nxb5 Kg5
47. c4 Kf6 48. c5 Ke7 49. Nc3 a3 50. bxa3 Kd7 51. Ne4 Kc6 52. Kf3 f5 53. gxf5
exf5 54. Nc3 Kxc5 55. a4 Kb6 56. Kf4 Ka5 57. Ke5 h5 58. Kf6 1-0

[Event "Tournoi francophone 021"]
[Site "Skype"]
[Date "????.??.??"]
[Round "4.6"]
[White "De Fazio, Monica"]
[Black "Yepez, German"]
[Result "1-0"]
[WhiteElo "1603"]
[BlackElo "1476"]
[PlyCount "75"]

1. d4 d5 2. c4 e6 3. g3 b6 4. cxd5 exd5 5. Bg2 a5 6. Nc3 Nf6 7. Bg5 Bb7 8. Bxf6
gxf6 9. Nf3 h5 10. O-O c6 11. Qc2 Na6 12. a3 Nc7 13. Rfe1 Ne6 14. Rad1 Qd7 15.
e4 dxe4 16. Nxe4 Be7 17. Qb3 Bd8 18. Nc3 Kf8 19. d5 cxd5 20. Nxd5 Bxd5 21. Rxd5
Qc7 22. Red1 a4 23. Qd3 Rc8 24. Nd4 Nxd4 25. Qxd4 Be7 26. Qxa4 Rd8 27. Rxd8+
Bxd8 28. Qb4+ Be7 29. Qd4 Kg7 30. Qd7 Qxd7 31. Rxd7 Bd8 32. Bd5 Rf8 33. Bxf7
Rxf7 34. Rxd8 Re7 35. Rb8 Re6 36. Rb7+ Kg6 37. Kg2 f5 38. h4 1-0

[Event "Tournoi francophone 021"]
[Site "Skype"]
[Date "????.??.??"]
[Round "4.7"]
[White "Scata, Laura"]
[Black "Rivalta, Paolo"]
[Result "1-0"]
[WhiteElo "1583"]
[BlackElo "1499"]
[PlyCount "29"]

1. d4 Nf6 2. Nf3 d5 3. e3 Bg4 4. Be2 e6 5. Ne5 Bf5 6. h3 h6 7. Bd3 Bxd3 8. Qxd3
Nbd7 9. b3 Bd6 10. Bb2 c5 11. Qb5 Bxe5 12. dxe5 Ne4 13. Qxb7 O-O 14. O-O Ndf6
15. exf6 1-0

[Event "Tournoi francophone 021"]
[Site "Skype"]
[Date "????.??.??"]
[Round "4.8"]
[White "Vello, Pablo"]
[Black "Briere, Jean"]
[Result "1-0"]
[WhiteElo "1514"]
[BlackElo "1581"]
[PlyCount "85"]

1. d4 d5 2. Nc3 e6 3. Bf4 Bd6 4. Bxd6 Qxd6 5. e3 Nf6 6. f3 Nc6 7. Bd3 a6 8. Qd2
e5 9. dxe5 Nxe5 10. Be2 Bf5 11. g4 Be6 12. g5 Nh5 13. f4 Nc4 14. Bxc4 dxc4 15.
Qxd6 cxd6 16. O-O-O d5 17. Nxd5 Bxd5 18. Rxd5 O-O 19. Ne2 f6 20. Ng3 Nxg3 21.
hxg3 fxg5 22. Rxg5 Rf7 23. Rd1 Re8 24. Rgd5 Rxe3 25. Rd8+ Rf8 26. Rxf8+ Kxf8
27. Rg1 Kf7 28. Kd2 Re4 29. Re1 Rd4+ 30. Kc3 Rd7 31. Kxc4 b6 32. Kc3 Rc7+ 33.
Kd2 Rd7+ 34. Kc1 Rd6 35. Re4 Kf6 36. g4 g6 37. c4 Rc6 38. b3 b5 39. Kc2 bxc4
40. Rxc4 Rxc4+ 41. bxc4 Ke6 42. Kd3 Kd6 43. Kd4 1-0

[Event "Tournoi francophone 021"]
[Site "Skype"]
[Date "????.??.??"]
[Round "4.9"]
[White "Guillaume, Mickael"]
[Black "Duthoit, Bernard"]
[Result "1/2-1/2"]
[WhiteElo "1511"]
[BlackElo "1566"]
[PlyCount "58"]

1. e4 e6 2. e5 Ne7 3. Nf3 Ng6 4. d4 c5 5. c3 cxd4 6. cxd4 Nc6 7. Bc4 a6 8. a3
b5 9. Ba2 b4 10. Bb3 bxa3 11. bxa3 d6 12. Bg5 Be7 13. Bxe7 Ngxe7 14. d5 exd5
15. Bxd5 Nxd5 16. Qxd5 Bb7 17. exd6 O-O 18. O-O Qf6 19. Nbd2 Nd8 20. Qd3 Bxf3
21. Nxf3 Nb7 22. d7 Qd6 23. Qxd6 Nxd6 24. Rad1 Nb7 25. Rfe1 Rad8 26. Re8 Rfxe8
27. dxe8=Q+ Rxe8 28. Rd7 Rd8 29. Rxd8+ Nxd8 1/2-1/2

[Event "Tournoi francophone 021"]
[Site "Skype"]
[Date "????.??.??"]
[Round "4.10"]
[White "Cengiz, Ali Ekber"]
[Black "Colangelo, Michele"]
[Result "1-0"]
[WhiteElo "1544"]
[BlackElo "1464"]
[PlyCount "21"]

1. e4 c5 2. Bc4 d6 3. Nf3 Bg4 4. h3 Bxf3 5. Qxf3 Nf6 6. O-O e6 7. Nc3 Be7 8.
Bb5+ Nfd7 9. e5 a6 10. Qxb7 Nc6 11. Bxc6 1-0

[Event "Tournoi francophone 021"]
[Site "Skype"]
[Date "????.??.??"]
[Round "4.11"]
[White "Gharbi, Said"]
[Black "Lecluyse, Koenraad"]
[Result "1-0"]
[WhiteElo "1544"]
[BlackElo "1458"]
[PlyCount "51"]

1. e4 e5 2. Nf3 Nc6 3. Bc4 h6 4. O-O d6 5. h3 Nf6 6. d3 Be7 7. Nc3 O-O 8. Nd5
Nxd5 9. Bxd5 Nd4 10. Be3 Nxf3+ 11. Qxf3 Qd7 12. d4 Bf6 13. Rfd1 c6 14. Bb3 Re8
15. c4 b6 16. c5 bxc5 17. dxc5 Be7 18. Bxf7+ Kh8 19. Bxe8 Qxe8 20. cxd6 Bf6 21.
Rac1 Bd7 22. Rc5 Qb8 23. b3 Qb4 24. Rc4 Qa3 25. Ra4 c5 26. Rxa3 1-0

[Event "Tournoi francophone 021"]
[Site "Skype"]
[Date "????.??.??"]
[Round "4.12"]
[White "De Coninck, Philippe"]
[Black "Bucherie, Volcy"]
[Result "1-0"]
[WhiteElo "1510"]
[BlackElo "1538"]
[PlyCount "79"]

1. e4 c6 2. d4 d5 3. Nc3 dxe4 4. Nxe4 Bf5 5. Ng3 Bg6 6. Nf3 Nf6 7. h4 h6 8. h5
Bh7 9. Bc4 e6 10. Be3 Bb4+ 11. c3 Bd6 12. Ne5 Ne4 13. Nxe4 Bxe4 14. f3 Bh7 15.
Bd3 Bxe5 16. Bxh7 Rxh7 17. dxe5 Qxd1+ 18. Rxd1 Nd7 19. Bf4 O-O-O 20. O-O Nf6
21. exf6 gxf6 22. b4 Rxd1 23. Rxd1 e5 24. Be3 f5 25. Bxa7 f6 26. Bb6 Rd7 27.
Rxd7 Kxd7 28. Kf2 f4 29. g3 Kd6 30. gxf4 exf4 31. Ke2 Ke5 32. Kd3 f5 33. c4 Kf6
34. Bd8+ Ke5 35. a4 Kd6 36. Kd4 Kd7 37. Bf6 Ke6 38. Be5 b6 39. Bxf4 Kf6 40. a5
1-0

[Event "Tournoi francophone 021"]
[Site "Skype"]
[Date "????.??.??"]
[Round "4.13"]
[White "Radice, Marco"]
[Black "Tolaro, Filippa"]
[Result "1-0"]
[WhiteElo "1534"]
[BlackElo "1400"]
[PlyCount "65"]

1. d4 d5 2. Nf3 Nf6 3. c4 Bg4 4. g3 Bxf3 5. exf3 e6 6. Bg2 Bb4+ 7. Nd2 c6 8.
O-O dxc4 9. Nxc4 O-O 10. f4 b5 11. Ne5 Nd5 12. a3 Be7 13. Re1 Nd7 14. Nxc6 Qb6
15. Nxe7+ Nxe7 16. Bxa8 Rxa8 17. Be3 Nf5 18. d5 Nxe3 19. Rxe3 Qd6 20. dxe6
Qxd1+ 21. Rxd1 fxe6 22. Rxd7 Re8 23. Rxa7 h6 24. f5 e5 25. Ra5 Rc8 26. Rxb5
Rc1+ 27. Kg2 Kh7 28. Rexe5 Rc8 29. Re7 Rf8 30. g4 Kg8 31. Rbb7 h5 32. Rxg7+ Kh8
33. Rh7+ 1-0

[Event "Tournoi francophone 021"]
[Site "Skype"]
[Date "????.??.??"]
[Round "4.14"]
[White "Ruiz Aguilera, Juan Jesus"]
[Black "Vincent, Andre"]
[Result "0-1"]
[WhiteElo "1500"]
[BlackElo "1533"]
[PlyCount "56"]

1. e4 c5 2. c3 Nc6 3. Bb5 d6 4. Bxc6+ bxc6 5. Qa4 Bb7 6. d4 cxd4 7. cxd4 e6 8.
d5 Qd7 9. dxe6 Qxe6 10. Qb4 Qd7 11. Ne2 Nf6 12. Nbc3 Be7 13. O-O O-O 14. Bf4 c5
15. Qb3 Nxe4 16. Nxe4 Bxe4 17. Ng3 Bc6 18. Rfe1 Rfe8 19. Qd1 Bf8 20. Rxe8 Rxe8
21. Qh5 g6 22. Qh4 Qe6 23. Kf1 Bb5+ 24. Ne2 Qxe2+ 25. Kg1 Qxb2 26. Rd1 Qxa2 27.
Qf6 Qe6 28. Qb2 Qe1+ 0-1

[Event "Tournoi francophone 021"]
[Site "Skype"]
[Date "????.??.??"]
[Round "4.15"]
[White "Jacquelin, Norbert"]
[Black "Le Bouill, Pierre"]
[Result "1/2-1/2"]
[WhiteElo "1827"]
[BlackElo "1534"]
[PlyCount "59"]

1. c4 d5 2. cxd5 Qxd5 3. Nc3 Qd8 4. Nf3 Nf6 5. g3 Bf5 6. Bg2 e6 7. Nh4 c6 8.
Nxf5 exf5 9. d3 h6 10. O-O Be7 11. Qb3 Qd7 12. e4 O-O 13. exf5 Na6 14. d4 Rad8
15. Rd1 Qc8 16. Be3 Rfe8 17. Qc2 Nb4 18. Qc1 Qxf5 19. a3 Nbd5 20. Nxd5 cxd5 21.
Qd2 Bd6 22. Rac1 Ng4 23. Rf1 Qd7 24. Bh3 f5 25. Bg2 Qe7 26. Rce1 Qf7 27. h3
Nxe3 28. fxe3 Bxg3 29. Re2 Qc7 30. Bxd5+ 1/2-1/2

[Event "Tournoi francophone 021"]
[Site "Skype"]
[Date "????.??.??"]
[Round "4.16"]
[White "Vervoort, Jean-Louis"]
[Black "Rodier, Marc"]
[Result "0-1"]
[WhiteElo "1459"]
[BlackElo "1686"]
[PlyCount "64"]

1. d4 g6 2. d5 Bg7 3. e4 c6 4. c4 cxd5 5. cxd5 d6 6. Nf3 Nf6 7. Bd3 O-O 8. O-O
Nbd7 9. Nc3 Nc5 10. Be3 Nxd3 11. Qxd3 Bd7 12. Rac1 Rc8 13. Bxa7 Qa5 14. Bd4 b5
15. a3 b4 16. axb4 Qxb4 17. Rc2 Ng4 18. Bxg7 Kxg7 19. Na2 Qa5 20. b4 Qb6 21. h3
Nf6 22. Rfc1 Rxc2 23. Rxc2 Ra8 24. Nd2 Bb5 25. Nc4 Qa6 26. Qb3 Ba4 27. Qb2 Bxc2
28. Qxc2 Qxa2 29. Qxa2 Rxa2 30. b5 Rc2 31. Na3 Rb2 32. Kf1 Nxe4 0-1

[Event "Tournoi francophone 021"]
[Site "Skype"]
[Date "????.??.??"]
[Round "4.17"]
[White "Moumtaz, Abderrahim"]
[Black "Gadow, Martin"]
[Result "0-1"]
[WhiteElo "1598"]
[BlackElo "1651"]
[PlyCount "52"]

1. d4 Nf6 2. c4 e6 3. Nf3 d5 4. Nc3 dxc4 5. e4 Bb4 6. Bg5 Bd7 7. e5 Rg8 8. exf6
gxf6 9. Be3 Nc6 10. a3 Ba5 11. b4 cxb3 12. Qxb3 b6 13. g3 e5 14. dxe5 fxe5 15.
Bg2 Qf6 16. Rc1 Rd8 17. Bg5 Rxg5 18. Nxg5 Nd4 19. Nxh7 Nf3+ 20. Bxf3 Qxf3 21.
Ng5 Qxh1+ 22. Ke2 Bg4+ 23. f3 Qxh2+ 24. Ke1 Qd2+ 25. Kf1 Qxc1+ 26. Kf2 Rd2+ 0-1

[Event "Tournoi francophone 021"]
[Site "Skype"]
[Date "????.??.??"]
[Round "4.18"]
[White "Graham, Neil"]
[Black "Viatge, Fabrice"]
[Result "1-0"]
[WhiteElo "1622"]
[BlackElo "1400"]
[PlyCount "89"]

1. d4 g6 2. e4 Bg7 3. Nf3 d6 4. Be2 Nd7 5. c3 c5 6. Qa4 cxd4 7. cxd4 a6 8. Nc3
e6 9. Bf4 Qb6 10. Rb1 Ne7 11. O-O O-O 12. Rfd1 Nf6 13. h3 Bd7 14. Qc2 Rac8 15.
Qd2 Bc6 16. Bd3 Qd8 17. Bh6 b5 18. Bxg7 Kxg7 19. e5 Nfg8 20. Qf4 Bxf3 21. Qxf3
d5 22. Rbc1 f6 23. Qg4 f5 24. Qf4 Nc6 25. a3 Nge7 26. b4 Qe8 27. Rd2 Qf7 28.
Rb2 Rh8 29. a4 Rb8 30. axb5 axb5 31. Nxb5 Rhc8 32. Nd6 Qf8 33. Nxc8 Qxc8 34. b5
Qb7 35. Rcb1 Na5 36. Qd2 Nc4 37. Bxc4 dxc4 38. Rc1 Rc8 39. Rb4 c3 40. Qd3 Nd5
41. Rc4 Rxc4 42. Qxc4 g5 43. Qc6 Qxc6 44. bxc6 Kf7 45. Rxc3 1-0

[Event "Tournoi francophone 021"]
[Site "Skype"]
[Date "????.??.??"]
[Round "4.19"]
[White "Abate, Luigi"]
[Black "Lambert, Pierre"]
[Result "0-1"]
[WhiteElo "1506"]
[BlackElo "1791"]
[PlyCount "76"]

1. e4 e6 2. c4 c5 3. Nc3 d6 4. Nf3 Nc6 5. Be2 Nf6 6. d3 Be7 7. O-O O-O 8. Bg5
h6 9. Bh4 a6 10. a4 Bd7 11. h3 Nd4 12. Nxd4 cxd4 13. Na2 Qa5 14. b4 Qxa4 15.
Qxa4 Bxa4 16. Nc1 Bd7 17. c5 dxc5 18. bxc5 Bxc5 19. Bxf6 gxf6 20. Nb3 Bb6 21.
Rab1 Bc6 22. Nd2 Bc7 23. f4 e5 24. f5 Rfb8 25. Bh5 a5 26. Nf3 a4 27. Nh4 a3 28.
Bxf7+ Kxf7 29. Ng6 a2 30. Ra1 Ra3 31. Rf3 b5 32. Rff1 Rba8 33. Rf2 b4 34. h4 b3
35. g4 Ba5 36. Rb2 Bc3 37. Rxb3 Rxb3 38. Rc1 Rb1 0-1

[Event "Tournoi francophone 021"]
[Site "Skype"]
[Date "????.??.??"]
[Round "4.20"]
[White "Farfallini, Michel"]
[Black "Jimenez Del Rosario, Alsis Raynely"]
[Result "0-1"]
[WhiteElo "1642"]
[BlackElo "1515"]
[PlyCount "52"]

1. e4 d5 2. exd5 Nf6 3. Nf3 Nxd5 4. Bc4 Bg4 5. O-O e6 6. d4 Bd6 7. Bxd5 exd5 8.
Re1+ Be7 9. Bg5 f6 10. Bh4 g5 11. Bg3 Nc6 12. c3 Qd7 13. Nbd2 O-O-O 14. Qb3 h5
15. h4 Rhe8 16. hxg5 fxg5 17. Ne5 Nxe5 18. Rxe5 h4 19. Bh2 Bd6 20. Rxe8 Bxh2+
21. Kxh2 Qxe8 22. Nf1 Qe2 23. Kg1 h3 24. Ne3 hxg2 25. Nxg4 Qxg4 26. Qd1 Qh3 0-1

[Event "Tournoi francophone 021"]
[Site "Skype"]
[Date "????.??.??"]
[Round "4.21"]
[White "L'Herbon De Lussats, Jean"]
[Black "Le Brun, Yves"]
[Result "1-0"]
[WhiteElo "1493"]
[BlackElo "1601"]
[PlyCount "95"]

1. d4 d5 2. c4 c6 3. cxd5 Qxd5 4. Nc3 Qd8 5. Nf3 Nf6 6. g3 Bf5 7. Bg2 e6 8. O-O
Nbd7 9. Re1 Ne4 10. Nh4 Nxc3 11. bxc3 Bg4 12. Nf3 h6 13. Bf4 g5 14. Bc1 Qa5 15.
Qc2 Bf5 16. e4 Bg6 17. Bd2 Be7 18. c4 Qc7 19. Qc3 g4 20. d5 O-O-O 21. Nd4 e5
22. Nb3 f6 23. Na5 cxd5 24. cxd5 Qxc3 25. Bxc3 Nb8 26. Rab1 b6 27. Nc4 Bc5 28.
a4 Be8 29. Bb4 Bd4 30. a5 b5 31. Nd6+ Kd7 32. Rec1 Na6 33. Nxb5 Nxb4 34. Rxb4
Rc8 35. Rxc8 Kxc8 36. Nxd4 exd4 37. Rxd4 Bb5 38. Bf1 Bd7 39. Ba6+ Kc7 40. Rb4
Kd6 41. Kg2 Rd8 42. f4 gxf3+ 43. Kxf3 Ke5 44. Rb7 Bc8 45. Re7+ Kd6 46. Rxa7
Bxa6 47. Rxa6+ Ke5 48. g4 1-0

[Event "Tournoi francophone 021"]
[Site "Skype"]
[Date "????.??.??"]
[Round "4.22"]
[White "Roberge, Yves"]
[Black "Busto, Ricardo"]
[Result "0-1"]
[WhiteElo "1401"]
[BlackElo "1585"]
[PlyCount "70"]

1. e4 c6 2. d4 d5 3. e5 Bf5 4. Bd3 Bxd3 5. Qxd3 e6 6. c3 Nd7 7. Nf3 c5 8. Bf4
c4 9. Qc2 Ne7 10. Nbd2 Ng6 11. Bg5 Be7 12. Bxe7 Qxe7 13. O-O O-O 14. Qa4 Nb6
15. Qb4 Qxb4 16. cxb4 Nd7 17. Rfc1 b5 18. b3 Rac8 19. a4 a6 20. bxc4 bxc4 21.
Nxc4 dxc4 22. Rc3 Nf4 23. Nd2 Nb6 24. Rac1 Nxa4 25. Ra3 Nb6 26. Rxa6 Nbd5 27.
Nxc4 Nxb4 28. Rb6 Nbd3 29. Ra1 Rxc4 30. g3 Ne2+ 31. Kg2 Nxd4 32. Rab1 Nxe5 33.
Rb8 g6 34. R1b5 Nxb5 35. Rxf8+ Kxf8 0-1

[Event "Tournoi francophone 021"]
[Site "Skype"]
[Date "????.??.??"]
[Round "4.23"]
[White "Hargez, Dany"]
[Black "Malbec, Robert"]
[Result "0-1"]
[WhiteElo "1578"]
[BlackElo "1503"]
[PlyCount "106"]

1. e4 e5 2. d4 Nc6 3. d5 Nce7 4. Nf3 Nf6 5. Bd3 Ng6 6. O-O d6 7. Bb5+ Bd7 8.
Nc3 Bxb5 9. Nxb5 Nxe4 10. Re1 Nf6 11. Bg5 Be7 12. c4 c6 13. dxc6 bxc6 14. Nc3
Qb6 15. b3 Ng4 16. Be3 Nxe3 17. fxe3 O-O 18. Na4 Qb8 19. Nc3 Qc8 20. Ne4 Rd8
21. Nfg5 h6 22. Nf3 Qf5 23. Ng3 Qc8 24. e4 Qb7 25. Nf5 Qc7 26. h4 Bf8 27. h5
Nf4 28. g3 Nxh5 29. N3h4 g6 30. Qg4 Kh7 31. Qf3 Be7 32. Nxe7 Qxe7 33. Ng2 Rf8
34. g4 Ng7 35. Kf2 f6 36. Rh1 Rh8 37. Qh3 h5 38. Rag1 Kg8 39. Nh4 Rh6 40. gxh5
Qf7 41. Nxg6 Kh7 42. Qf5 Nxf5 43. exf5 Qd7 44. Rh2 Qxf5+ 45. Ke1 Qb1+ 46. Kf2
Qf5+ 47. Kg2 Rxh5 48. Nh4 Qe4+ 49. Nf3 Rxh2+ 50. Kxh2 Qxf3 51. Rg3 Qf4 52. Kg2
Rg8 53. Rxg8 Kxg8 0-1

[Event "Tournoi francophone 021"]
[Site "Skype"]
[Date "????.??.??"]
[Round "4.24"]
[White "Codina, Teresa"]
[Black "Schnell, Nicolas"]
[Result "1-0"]
[WhiteElo "1548"]
[BlackElo "1403"]
[PlyCount "67"]

1. d4 Nf6 2. Nf3 e6 3. b3 Bb4+ 4. Nbd2 Ne4 5. a3 Bc3 6. Ra2 d5 7. Bb2 Ba5 8. b4
Bb6 9. e3 c5 10. Bb5+ Nc6 11. dxc5 Bc7 12. O-O Qf6 13. Bxf6 Nxf6 14. Bxc6+ bxc6
15. c4 dxc4 16. Nxc4 Ba6 17. Nfd2 Rd8 18. Qc1 Rd5 19. Rd1 Rh5 20. h3 Ng4 21.
Nf3 O-O 22. hxg4 Re8 23. gxh5 e5 24. Nd6 Re6 25. e4 Rf6 26. Nxe5 g6 27. hxg6
fxg6 28. Qg5 Re6 29. Qf4 Kg7 30. Qf7+ Kh6 31. Qxe6 Bd8 32. Ndf7+ Kh5 33. Rxd8
Bc4 34. Qg4# 1-0

[Event "Tournoi francophone 021"]
[Site "Skype"]
[Date "????.??.??"]
[Round "4.25"]
[White "Rodriguez, Nathalie"]
[Black "Alcaraz Acosta, Luisa Montserrat"]
[Result "1-0"]
[WhiteElo "1537"]
[BlackElo "1382"]
[PlyCount "101"]

1. d4 d5 2. Bf4 Nf6 3. Nc3 e6 4. Nb5 Bd6 5. Nxd6+ cxd6 6. e3 Nc6 7. c3 O-O 8.
Bd3 Qc7 9. Nf3 a6 10. h3 b5 11. b4 a5 12. a3 Bb7 13. Bxb5 Ne7 14. O-O Nf5 15.
Qd2 Nh5 16. Bh2 Rfe8 17. Rfe1 Re7 18. Bd3 Nf6 19. Rac1 e5 20. Bxf5 e4 21. Nh4
g6 22. Bg4 h5 23. Be2 Bc8 24. g3 Bxh3 25. Bf1 Bg4 26. Be2 Bc8 27. Ng2 Qd7 28.
Nf4 Ng4 29. Bxg4 Qxg4 30. Qe2 Qg5 31. c4 Bb7 32. cxd5 Bxd5 33. Nxd5 Qxd5 34.
Rc2 Re6 35. Rec1 Kg7 36. Rc8 Ra7 37. R1c7 Rxc7 38. Rxc7 Qg5 39. Qc4 Rf6 40. Qa2
Qf5 41. b5 Qxb5 42. Qc2 Qf5 43. a4 d5 44. Rc5 Ra6 45. Rc7 Rf6 46. Qd2 g5 47. g4
hxg4 48. Be5 g3 49. Bxf6+ Qxf6 50. fxg3 Qd6 51. Ra7 1-0

[Event "Tournoi francophone 021"]
[Site "Skype"]
[Date "????.??.??"]
[Round "4.26"]
[White "Milanese, Serge"]
[Black "Hampton, Irene"]
[Result "0-1"]
[WhiteElo "1521"]
[BlackElo "1358"]
[PlyCount "42"]

1. d4 c6 2. Nf3 d6 3. Nc3 Nf6 4. e4 Bg4 5. Be2 g6 6. O-O Bg7 7. Be3 O-O 8. d5
Qc7 9. Nd4 Bxe2 10. Ncxe2 Nbd7 11. Nf4 Nb6 12. Nde6 fxe6 13. Nxe6 Qd7 14. Nxf8
Kxf8 15. Bd4 cxd5 16. e5 Ne8 17. e6 Qxe6 18. Bxg7+ Nxg7 19. Re1 Qf7 20. b3 e5
21. Qd2 Nf5 0-1

[Event "Tournoi francophone 021"]
[Site "Skype"]
[Date "????.??.??"]
[Round "4.27"]
[White "Gerbaux, Regis"]
[Black "Esformes, Jacques"]
[Result "1-0"]
[WhiteElo "1400"]
[BlackElo "1475"]
[PlyCount "81"]

1. e4 d5 2. exd5 Qxd5 3. Nc3 Qa5 4. Nf3 Bg4 5. Be2 Nf6 6. d4 Nd5 7. Bd2 f6 8.
Nb5 c6 9. Bxa5 cxb5 10. Bxb5+ Nc6 11. Qd3 e6 12. Qe4 Bxf3 13. Qxf3 Ke7 14. Bxc6
bxc6 15. O-O Kf7 16. Rfe1 Rc8 17. Qe4 e5 18. dxe5 Re8 19. Qf5 Re6 20. c4 Ne7
21. Qg4 h5 22. Qd4 Nf5 23. Qd7+ Be7 24. Bb4 Rd8 25. Qc7 Re8 26. Rad1 Kg6 27.
Bxe7 R8xe7 28. Rd7 Re8 29. Re3 Nxe3 30. fxe3 Rxe5 31. Rxg7+ Kf5 32. Qd7+ R5e6
33. Qd3+ Re4 34. g4+ Ke5 35. gxh5 Re6 36. Kg2 Rd6 37. Re7+ Re6 38. Rd7 f5 39.
Kf3 f4 40. Qxe4+ Kf6 41. Qxf4# 1-0

[Event "Tournoi francophone 021"]
[Site "Skype"]
[Date "????.??.??"]
[Round "4.28"]
[White "Ortis, Yves"]
[Black "Soubrier, Laure"]
[Result "1-0"]
[WhiteElo "1452"]
[BlackElo "1450"]
[PlyCount "67"]

1. e4 e5 2. Bc4 Nc6 3. Nf3 Bc5 4. d3 Nf6 5. Bg5 O-O 6. O-O d6 7. h3 a6 8. c3
Ba7 9. Re1 Bd7 10. Qd2 Rb8 11. d4 Na5 12. Be2 Re8 13. b4 Nxe4 14. Qe3 Nxg5 15.
Nxg5 Qxg5 16. Qxg5 Nc6 17. Bd3 Ne7 18. Re4 Ng6 19. h4 Nf4 20. Rxf4 exf4 21. Nd2
Bb6 22. Ne4 Kf8 23. Qxf4 Bb5 24. c4 Bxd4 25. Rc1 Bc6 26. Ng5 Be5 27. Nxh7+ Kg8
28. Qg4 Kh8 29. Ng5 Re7 30. Qh5+ Kg8 31. Qg4 Kh8 32. Qh5+ Kg8 33. Qg4 Kh8 34.
Qh5+ 1-0

[Event "Tournoi francophone 021"]
[Site "Skype"]
[Date "????.??.??"]
[Round "4.29"]
[White "Trapletti, Cosetta"]
[Black "Montilla Bejarano, Mey"]
[Result "1-0"]
[WhiteElo "1400"]
[BlackElo "1450"]
[PlyCount "27"]

1. d4 Nf6 2. Bf4 e6 3. Nf3 c5 4. e3 Nc6 5. Nbd2 cxd4 6. exd4 Qe7 7. Bd3 Qb4 8.
Be3 Qxb2 9. Nc4 Qc3+ 10. Bd2 Qxa1 11. Qxa1 Be7 12. c3 O-O 13. O-O d5 14. Nce5
1-0

[Event "Tournoi francophone 021"]
[Site "Skype"]
[Date "????.??.??"]
[Round "4.30"]
[White "Sauvaget, Joel"]
[Black "Leonelli, Michele"]
[Result "1-0"]
[WhiteElo "1553"]
[BlackElo "1400"]
[PlyCount "33"]

1. d4 d5 2. Nf3 Nf6 3. c3 Nc6 4. h3 g6 5. Bf4 Bg7 6. e3 O-O 7. Be2 Ne4 8. O-O
e6 9. Bd3 g5 10. Bh2 Bh6 11. Nbd2 Nxd2 12. Qxd2 b5 13. a3 a6 14. Bc2 g4 15.
hxg4 Qf6 16. Qd3 e5 17. Qxh7# 1-0

[Event "Tournoi francophone 021"]
[Site "Skype"]
[Date "????.??.??"]
[Round "4.31"]
[White "Cassano, Mariangela"]
[Black "Valmalette, Alain"]
[Result "0-1"]
[WhiteElo "1306"]
[BlackElo "1513"]
[PlyCount "68"]

1. d4 Nf6 2. e3 d5 3. Nf3 Nc6 4. Bd3 a6 5. c4 e6 6. O-O Be7 7. Nc3 Bb4 8. a3
Ba5 9. b4 Bb6 10. c5 Ba7 11. e4 dxe4 12. Nxe4 Nd5 13. Qc2 O-O 14. Neg5 f5 15.
Nxe6 Bxe6 16. h4 Nf4 17. Bxf4 h6 18. Rfe1 Re8 19. Ne5 Nxd4 20. Be4 Nxc2 21.
Bxc2 Qxh4 22. g3 Qd8 23. Be4 fxe4 24. Rxe4 c6 25. Ng4 Bxg4 26. Rae1 Rxe4 27.
Rxe4 Bb8 28. Re1 Bxf4 29. gxf4 Qd2 30. Re4 Rd8 31. Re5 Qd1+ 32. Kh2 Rf8 33. f5
Bxf5 34. Rxf5 Rxf5 0-1

[Event "Tournoi francophone 021"]
[Site "Skype"]
[Date "????.??.??"]
[Round "5.3"]
[White "Pouteau, Pascal"]
[Black "Castellanos Gonzalez, Mariano"]
[Result "0-1"]
[WhiteElo "1616"]
[BlackElo "1670"]
[PlyCount "38"]

1. Nf3 f5 2. e3 Nf6 3. b3 e6 4. Bb2 d5 5. Be2 Bd6 6. d4 O-O 7. O-O Bd7 8. Ne5
Be8 9. Nd2 Nbd7 10. Rc1 Ne4 11. c4 c6 12. cxd5 cxd5 13. Bb5 Nxe5 14. Bxe8 Nd3
15. Bb5 Bxh2+ 16. Kxh2 Qh4+ 17. Kg1 Ndxf2 18. Rxf2 Qxf2+ 19. Kh2 Rf6 0-1